000 01212 a2200205 4500
003 NUST
005 20230126132727.0
010 _a 93050798
020 _a0201626721 :
040 _cNust
082 0 0 _a809.304,GAR
100 1 _aGardner, John
_99774
245 1 0 _aOn writers and writing /
_cJohn Gardner ; introduction by Charles Johnson ; edited by Stewart O'Nan.
260 _aReading, Mass. :
_bAddison-Wesley Pub. Co.,
_cc1994.
300 _axxi, 297 p. ;
_c24 cm.
505 _aBartleby Art and The Social Commitment (Page-1), An Invective Against Mere Fiction (Page-13), More Smog From the Dark Satanic Mills (Page-35), Alice in wonderland (Page-60), The Breast (Page-65), The Way We Write Now (Page-70), Saint Walt (Page-78), The Adventurer (Page-86), The Acts of King Artbur ad His Noble (Page-112), Lancelot (Page-119), Falconer (Page-124), The Castle of Crossed Destinies (Page-130), Daniel Martin (Page-134), The Stories of Jobn Cheever (Page-145), Fiction in MSS (Page-212), What writers Do (Page-216), cartoons (Page-228), General Plan for the Sunlight Dialogues (Page-258).
650 0 _aBooks
_xReviews.
_9107780
700 1 _aO'Nan, Stewart,
_d1961-
_9107781
942 _2ddc
_cBK
_k809.304,GAR
999 _c186789
_d186789